| 000 | 00880nas a2200277 4500 | ||
|---|---|---|---|
| 001 | BR0707309 | ||
| 003 | BR-BrBNA | ||
| 005 | 20231205111350.0 | ||
| 007 | ta | ||
| 008 | 230509b bl.|||p| |||| 00| 00por d | ||
| 040 |
_aBR-BrBNA _bpor _cBiblioteca Nacional de Agricultura |
||
| 041 | _a(Pt) | ||
| 072 | _aL01; L02 | ||
| 100 | 1 | _aSiqueira, E.R. de | |
| 100 | 1 | _aVieira, P. de F. | |
| 100 | 1 | _aPons, S.B. | |
| 245 | 1 | _aRepetibilidade de caracteres da lã e do peso corporal pós-tosquia, em ovelhas de diferentes raças, criadas em sistema intensivo de pastejo | |
| 650 | _aOVINO | ||
| 650 | _aRAÇA | ||
| 650 | _aPASTAGEM | ||
| 650 | _aLÃ | ||
| 650 | _aTOSQUIA | ||
| 773 | 0 |
_tVeterinária e Zootecnia - Universidade Estadual Paulista (Brazil) _xISSN 0102-5716 _g(1994), v. 6 p. 9-17 _wBR0707309 |
|
| 909 |
_a202311 _bLúcia _c55 _dLúcia Elande |
||
| 942 |
_2AGRIS _n0 _cANA |
||
| 999 |
_c192292 _d192292 |
||